Elton John, Song Lyrics Quiz - Statistics

General Stats
  • This quiz has been taken 75 times
  • The average score is 6 of 15
Answer Stats
Hint Answer % Correct
"It's a little bit funny this feeling inside, I'm not one of those who can ______ ____" Your Song Easily Hide
96%
"I miss the earth so much, I miss my wife, It's lonely ___ __ _____, On such a timeless flight" Rocket Man Out in Space
78%
"Ballerina, You've must have seen her _______ __ ___ ____, And now she's in me Always with me, Tiny dancer in my hand" Tiny Dancer Dancing in the Sand
67%
"She's got ________ _____, a mohair suit, You know I read it in a magazine, ohh-ohB-B-B-Bennie and the Jets" Bennie and the Jets Electric Boots
59%
"And it seems to me you lived your life, Like a candle in the wind, Never knowing who to cling to, When the ____ ___ __"
Candle in the Wind
Rain Set In
45%
"You better get back, honky cat, Living in the city ain't where it's at, It's like trying to find gold in a silver mine, It's like trying to drink whiskey from a ______ __ ____"
Honky Cat
Bottle of Wine
42%
"So goodbye yellow brick road, Where the dogs of society howl, You can't plant me in your penthouse, I'm going back __ __ ______" Goodbye Yellow Brick Road To My Plough
42%
"You could never know what it's like, Your blood like ______ _______ just like ice"
I'm Still Standing
Winter freezes
41%
"What have I gotta do to make you love me?, What have I gotta do to make you care?, What do I do when _________ _______ me?, And I wake up and find that you're not there"
Sorry Seems to Be the Hardest Word
Lightning Strikes
39%
"I used to be a _______ _____ you know, If the cause was right, I'd leave, To find the answer on the road"
Philadelphia Freedom
Rolling Stone
35%
"It's a human sign, When things go wrong, When the scent of her lingers, And __________ ______"
Sacrifice
Temptation's strong
22%
"I want love, but it's impossible, A man like me, so irresponsible, A man like me is ____ __ ______, Other men feel liberated"
I Want Love
Dead in places
14%
"Well, that's my rock-and-roll Madonna, She's always been a ____ __ ___ ____, Well, everybody wants her, But no one ever gets her, The freeway is the only way she knows" Rock-and-Roll Madonna Lady of the Road
13%
"There's a man standing over there, What's ___ ______, do you care?"
Border Song
His colour
9%
"Fly away, skyline pigeon fly, Towards ___ ______, You've left so very far behind"
Skyline Pigeon
The Dreams
7%
No matching quizzes found
Score Distribution
Percent of People with Each Score
Percentile by Number Answered
Your Score History
You have not taken this quiz